000 00648nam a2200229 a 4500
001 506
003 BR-CuiBMT
005 20231108181238.0
008 231108s2014 rjba | 000 0 por d
020 _a9788576267683
040 _aBR-CuiBMT
_cBR-CuiBMT
080 _22007
_a342.9
090 _a342.9
_bM338d
_c8. ed.
100 _aMarinela, Fernanda
245 _aDireito administrativo /
_cFernanda Marinela.
250 _a8. ed., rev., atual. e ampl.
260 _aNiterói:
_bImpetus,
_c2014.
300 _a1184 p. :
_bil.
_c24 cm
504 _ainclui índice.
650 _aDireito administrativo
_xServiço público
_zBrasiil
942 _2udc
_cLV
999 _c506
_d506